000 00520nmm a2200181Ia 4500
008 251105s9999||||xx |||||||||||||||||und||
020 _a9788417968151
041 _aspa
100 _aCass, Kiera
245 0 _aLa prometida
264 _a[Madrid, España] :
_bRoca Editorial,
_c[Fecha de publicación no identificada]
300 _a0 páginas
650 _aTeen & Young Adult Fiction
700 _aCass, Kiera
700 1 _a Rizzo, Jorge
856 _uhttps://public.digitaliapublishing.com/a/82042
942 _cCF
999 _c63730
_d63730